Tilastot visalle Liput, joissa on eniten tähtiä

Klikkaa tästä pelataksesi tätä visaa!

Yleistilastot

  • Tätä visaa on pelattu 837 kertaa
  • Keskiarvotulos 10 / 23

Vastaustilastot

TähtiäValtio% Oikein
50Yhdysvallat
98%
6Australia
87%
5Kiina
87%
4Uusi-Seelanti
84%
9Bosnia ja Hertsegovina
67%
4Mikronesia
62%
9Tuvalu
57%
8Venezuela
48%
5Honduras
45%
5Samoa
45%
27Brasilia
40%
5Salomonsaaret
40%
6Kosovo
38%
5Papua-Uusi-Guinea
38%
12Uzbekistan
29%
10Kap Verde
26%
5Turkmenistan
26%
5Singapore
24%
4Komorit
19%
7Tadžikistan
19%
7Grenada
17%
10Dominica
13%
6Päiväntasaajan Guinea
8%

Tulosjakauma

Persentiili vastausten määrän mukaan

Jokaisen tuloksen saaneiden osuus

Tuloshistoriasi

Et ole pelannut tätä visaa